Music Quiz

Random Music Quiz

Green Day Albums Chronologically Quiz Stats

 Plays Quiz not verified by Sporcle

Challenge
Share
Tweet
Embed
Score 0/13 Timer 01:00
0 Plays Today
% Correct
Dookie
84.5%
Kerplunk
82.9%
39 Smooth
81.6%
American Idiot
75.7%
Nimrod
75%
Tre!
73.4%
21st Century Breakdown
71.7%
Revolution Radio
71.7%
Dos!
71.4%
Insomniac
70.7%
Uno!
69.7%
Warning
68.4%
International Superhits!
62.8%

You're not logged in!

Compare scores with friends on all Sporcle quizzes.
Join for Free
OR
Log In

You Might Also Like...

Show Comments

Extras

Top Quizzes Today


Score Distribution

Your Account Isn't Verified!

In order to create a playlist on Sporcle, you need to verify the email address you used during registration. Go to your Sporcle Settings to finish the process.

Report this User

Report this user for behavior that violates our Community Guidelines.

Details: